Top 10 Länder nach Grapefruitproduktion - Statistiken

Allgemein
  • Dieses Quiz wurde 10 mal gespielt
  • Das Durchschnittsergebnis liegt bei 6 aus 10
Antwortstatistiken
Platz Anbaumenge in Tonnen Land % Korrekt
1 5.281.732 China
100%
4 390.500 Indien
90%
3 453.208 Mexiko
80%
5 386.460 Vereinigte Staaten
80%
9 249.000 Türkei
70%
8 266.645 Thailand
60%
2 1.034.680 Vietnam
50%
6 352.541 Südafrika
40%
10 128.974 Israel
10%
7 277.875 Sudan
10%
Keine übereinstimmenden Quizze gefunden
Verteilung der Resultate
Anzahl Personen mit jedem Resultat
Perzentil nach korrekt beantworteten Fragen
Ihre Resultats-Entwicklung
Sie haben dieses Quiz noch nicht gespielt